[Event "HUN-chT2 Szechenyi 2324"]
[Site "Hungary"]
[Date "2024.05.12"]
[Round "9.5"]
[White "Kiss, Laszlo3"]
[Black "Jonas, Peter"]
[Result "1/2-1/2"]
[WhiteElo "1814"]
[BlackElo "2011"]
[PlyCount "24"]
[EventDate "2023.10.08"]
[EventType "team-tourn"]
[EventRounds "9"]
[EventCountry "HUN"]
[SourceTitle "EXT 2025"]
[Source "ChessBase"]
[SourceDate "2024.10.14"]
[SourceVersion "1"]
[SourceVersionDate "2024.10.14"]
[SourceQuality "1"]
[WhiteTeam "Arboretum"]
[BlackTeam "Ezust Huszar"]
[WhiteTeamCountry "HUN"]
[BlackTeamCountry "HUN"]

1. e4 e6 2. d4 d5 3. Nd2 c5 4. Ngf3 Nc6 5. Bb5 a6 6. Bxc6+ bxc6 7. 0-0 cxd4 8. Nxd4 c5 9. N4f3 Bb7 10. Qe2 Nf6 11. exd5 Qxd5 12. Nc4 Rd8 1/2-1/2

[Event "HUN-chT2 Szechenyi 1213"]
[Site "Hungary"]
[Date "2012.11.04"]
[Round "3.5"]
[White "Csiszar, Albert"]
[Black "Jonas, Peter"]
[Result "1-0"]
[WhiteElo "1809"]
[BlackElo "2048"]
[PlyCount "91"]
[EventDate "2012.09.16"]
[EventType "team-tourn"]
[EventRounds "11"]
[EventCountry "HUN"]
[SourceTitle "EXT 2014"]
[Source "ChessBase"]
[SourceDate "2013.11.20"]
[SourceVersion "1"]
[SourceVersionDate "2013.11.20"]
[SourceQuality "1"]
[WhiteTeam "Zalaegerszeg Bagi"]
[BlackTeam "Veszprem"]
[WhiteTeamCountry "HUN"]
[BlackTeamCountry "HUN"]

1. d4 d5 2. Bg5 h6 3. Bh4 Nd7 4. e3 Ngf6 5. Bd3 e6 6. Nd2 Be7 7. f4 b6 8. Ngf3 Bb7 9. Ne5 0-0 10. Ndf3 Ne4 11. Bxe7 Qxe7 12. Nxd7 Qxd7 13. Ne5 Qd8 14. Bxe4 dxe4 15. Qg4 f5 16. Qe2 Kh7 17. 0-0-0 Qe7 18. g4 g6 19. Rdg1 Rg8 20. h4 Rad8 21. h5 g5 22. Qf1 Qf6 23. Qc4 Rg7 24. gxf5 exf5 25. fxg5 hxg5 26. h6 Re7 27. Rh5 Rg8 28. Qf1 Bc8 29. Qg2 g4 30. Qf2 Qe6 31. Kb1 c5 32. c3 cxd4 33. exd4 Ree8 34. Qf4 Ref8 35. Rgh1 Qf6 36. d5 Qe7 37. Nc6 Qf6 38. d6 Bb7 39. Ne7 Qe6 40. Nxg8 Rxg8 41. Qxf5+ Qxf5 42. Rxf5 Kg6 43. Rhh5 e3 44. Rfg5+ Kh7 45. Rxg8 Kxg8 46. h7+ 1-0

[Event "HUN-chT2 Asztalos 0910"]
[Site "Hungary"]
[Date "2010.04.18"]
[Round "10"]
[White "Horvath, Csaba1"]
[Black "Jonas, Peter"]
[Result "1/2-1/2"]
[WhiteElo "1779"]
[BlackElo "2051"]
[PlyCount "89"]
[EventDate "2009.11.08"]
[EventType "team-tourn"]
[EventRounds "11"]
[EventCountry "HUN"]
[SourceTitle "EXT 2011"]
[Source "ChessBase"]
[SourceDate "2010.11.26"]
[SourceVersion "1"]
[SourceVersionDate "2010.11.26"]
[SourceQuality "1"]
[WhiteTeam "Pannonpower II"]
[BlackTeam "Veszprem"]
[WhiteTeamCountry "HUN"]
[BlackTeamCountry "HUN"]

1. e4 e6 2. d4 d5 3. Nd2 Nf6 4. e5 Nfd7 5. Ngf3 c5 6. c3 cxd4 7. cxd4 Nc6 8. Nb3 Be7 9. Bd2 0-0 10. Be2 f6 11. exf6 Nxf6 12. 0-0 h6 13. Rc1 Bd6 14. Bd3 e5 15. dxe5 Nxe5 16. Nxe5 Bxe5 17. Rc2 Ng4 18. g3 Qf6 19. Rxc8 Raxc8 20. Qxg4 Bxb2 21. Qg6 Qxg6 22. Bxg6 Rf6 23. Bb1 d4 24. Rd1 Rd6 25. Bf4 Rdd8 26. Be5 b6 27. Bf5 Rc3 28. Rxd4 Rxd4 29. Bxd4 Rxb3 30. Be6+ Kf8 31. Bxg7+ Kxg7 32. axb3 Kf6 33. Bc4 Bd4 34. Kg2 Kf5 35. Kf3 Bc5 36. h3 Kg5 37. Kg2 Kf5 38. Bd3+ Kg5 39. f4+ Kf6 40. Kf3 Bg1 41. g4 Bd4 42. Ke4 Bf2 43. Kf3 Be1 44. Bc4 Bh4 45. Ke4 1/2-1/2

[Event "HUN-chT2 Asztalos 0910"]
[Site "Hungary"]
[Date "2010.02.28"]
[Round "7"]
[White "Jonas, Peter"]
[Black "Boros, Koppany"]
[Result "1/2-1/2"]
[WhiteElo "2051"]
[BlackElo "2046"]
[PlyCount "82"]
[EventDate "2009.11.08"]
[EventType "team-tourn"]
[EventRounds "11"]
[EventCountry "HUN"]
[SourceTitle "EXT 2011"]
[Source "ChessBase"]
[SourceDate "2010.11.26"]
[SourceVersion "1"]
[SourceVersionDate "2010.11.26"]
[SourceQuality "1"]
[WhiteTeam "Veszprem"]
[BlackTeam "Komlo"]
[WhiteTeamCountry "HUN"]
[BlackTeamCountry "HUN"]

1. e4 c5 2. f4 d6 3. Nc3 Nc6 4. Nf3 Bg4 5. Bb5 Nf6 6. d3 Nd7 7. Bxc6 bxc6 8. 0-0 e6 9. h3 Bxf3 10. Qxf3 Qc7 11. b3 Be7 12. Bb2 d5 13. Ne2 Bf6 14. Bxf6 gxf6 15. c4 d4 16. Ng3 Rg8 17. Kh2 Ke7 18. Rae1 a5 19. e5 f5 20. Qh5 Raf8 21. Qh4+ Ke8 22. Nxf5 exf5 23. e6 f6 24. Qh5+ Ke7 25. exd7+ Kd6 26. Qxf5 Qxd7 27. Qxd7+ Kxd7 28. g4 Rf7 29. Kg2 h6 30. f5 h5 31. Rf4 h4 32. Rfe4 Ra8 33. Rb1 Rb8 34. Re6 Ra8 35. Kf3 Rb8 36. Kf4 a4 37. Ree1 a3 38. Re6 Rg8 39. Rbe1 Rgf8 40. R1e2 Rg8 41. Re1 Rgf8 1/2-1/2

[Event "HUN-chT2 Szechenyi 0809"]
[Site "Hungary"]
[Date "2008.12.21"]
[Round "4.5"]
[White "Domotor, Jozsef"]
[Black "Jonas, Peter"]
[Result "1/2-1/2"]
[WhiteElo "2042"]
[BlackElo "2061"]
[PlyCount "28"]
[EventDate "2008.10.26"]
[EventType "tourn"]
[EventRounds "11"]
[EventCountry "HUN"]
[SourceTitle "EXT 2010"]
[Source "ChessBase"]
[SourceDate "2010.11.25"]
[SourceVersion "1"]
[SourceVersionDate "2010.11.25"]
[SourceQuality "1"]
[WhiteTeam "Kervaros"]
[BlackTeam "Veszprem"]
[WhiteTeamCountry "HUN"]
[BlackTeamCountry "HUN"]

1. Nf3 d5 2. d4 e6 3. c4 c5 4. e3 Nc6 5. Nc3 Nf6 6. a3 cxd4 7. exd4 Be7 8. cxd5 exd5 9. Be2 0-0 10. 0-0 h6 11. Bf4 a6 12. Ne5 Bd6 13. Bf3 Be6 14. Bg3 Rc8 1/2-1/2

[Event "HUN-chT2 Szechenyi 0708"]
[Site "Hungary"]
[Date "2007.12.16"]
[Round "5"]
[White "Ruszin, Tibor"]
[Black "Jonas, Peter"]
[Result "0-1"]
[WhiteElo "2129"]
[BlackElo "2083"]
[PlyCount "68"]
[EventDate "2007.10.14"]
[EventType "team-tourn"]
[EventRounds "11"]
[EventCountry "HUN"]
[SourceTitle "EXT 2009"]
[Source "ChessBase"]
[SourceDate "2008.11.26"]
[SourceVersion "1"]
[SourceVersionDate "2008.11.26"]
[SourceQuality "1"]
[WhiteTeam "Zala Volan"]
[BlackTeam "Veszprem"]
[WhiteTeamCountry "HUN"]
[BlackTeamCountry "HUN"]

1. Nf3 d5 2. c4 e6 3. g3 c5 4. Bg2 Nc6 5. 0-0 Nf6 6. cxd5 exd5 7. d4 Be7 8. Nc3 0-0 9. dxc5 Bxc5 10. Bf4 a6 11. Rc1 Ba7 12. Ne5 Re8 13. Nxf7 Kxf7 14. Nxd5 Nxd5 15. Bxd5+ Be6 16. e4 Kg8 17. Qh5 Bxd5 18. exd5 Nd4 19. Rc7 Qf6 20. Be3 Re5 21. Bxd4 Bxd4 22. Qg4 Rxd5 23. Rxb7 Rf8 24. Kg2 Qc6 25. Re7 Re5+ 26. Kg1 Rxe7 27. Qxd4 Qf6 28. Qc4+ Kh8 29. b4 Rd7 30. a4 h6 31. b5 axb5 32. Qxb5 Rd2 33. Qc5 Qd6 34. Qa7 Qd4 0-1

[Event "HUN-chT2 Szechenyi 0607"]
[Site "Hungary"]
[Date "2007.05.06"]
[Round "10"]
[White "Jonas, Peter"]
[Black "Moor, Sandor"]
[Result "1/2-1/2"]
[WhiteElo "2099"]
[BlackElo "2108"]
[PlyCount "40"]
[EventDate "2006.11.12"]
[EventType "team-tourn"]
[EventRounds "11"]
[EventCountry "HUN"]
[SourceTitle "EXT 2008"]
[Source "ChessBase"]
[SourceDate "2007.11.25"]
[SourceVersion "1"]
[SourceVersionDate "2007.11.25"]
[SourceQuality "1"]
[WhiteTeam "Veszprem"]
[BlackTeam "Kertvaros"]
[WhiteTeamCountry "HUN"]
[BlackTeamCountry "HUN"]

1. d4 Nf6 2. c4 c5 3. d5 b5 4. Nf3 g6 5. Qc2 bxc4 6. e4 d6 7. Bxc4 Nbd7 8. 0-0 Bg7 9. h3 0-0 10. Nc3 Nb6 11. Be2 Nfd7 12. Rd1 a5 13. Rb1 Ne5 14. Nxe5 Bxe5 15. Bh6 Re8 16. Bb5 Bd7 17. Bxd7 Qxd7 18. b3 Rec8 19. Ne2 a4 20. Be3 Bg7 1/2-1/2

[Event "HUN-chT2 Szechenyi 0607"]
[Site "Hungary"]
[Date "2007.04.15"]
[Round "8"]
[White "Rako, Istvan"]
[Black "Jonas, Peter"]
[Result "1/2-1/2"]
[WhiteElo "2142"]
[BlackElo "2099"]
[PlyCount "20"]
[EventDate "2006.11.12"]
[EventType "team-tourn"]
[EventRounds "11"]
[EventCountry "HUN"]
[SourceTitle "EXT 2008"]
[Source "ChessBase"]
[SourceDate "2007.11.25"]
[SourceVersion "1"]
[SourceVersionDate "2007.11.25"]
[SourceQuality "1"]
[WhiteTeam "Flesch"]
[BlackTeam "Veszprem"]
[WhiteTeamCountry "HUN"]
[BlackTeamCountry "HUN"]

1. e4 e6 2. d4 d5 3. Nc3 Bb4 4. Qg4 Nf6 5. Qxg7 Rg8 6. Qh6 Rg6 7. Qe3 dxe4 8. Bd2 Bxc3 9. Bxc3 b6 10. Ne2 Qd6 1/2-1/2

[Event "HUN-chT2 Szechenyi 0607"]
[Site "Hungary"]
[Date "2006.11.12"]
[Round "1"]
[White "Bartha, Sandor"]
[Black "Jonas, Peter"]
[Result "1-0"]
[WhiteElo "2147"]
[BlackElo "2099"]
[PlyCount "119"]
[EventDate "2006.11.12"]
[EventType "team-tourn"]
[EventRounds "11"]
[EventCountry "HUN"]
[SourceTitle "EXT 2008"]
[Source "ChessBase"]
[SourceDate "2007.11.25"]
[SourceVersion "1"]
[SourceVersionDate "2007.11.25"]
[SourceQuality "1"]
[WhiteTeam "Khelyi Spartacus"]
[BlackTeam "Veszprem"]
[WhiteTeamCountry "HUN"]
[BlackTeamCountry "HUN"]

1. d4 Nf6 2. Nf3 d5 3. Bg5 e6 4. Nbd2 Be7 5. e3 Nbd7 6. Bd3 0-0 7. 0-0 b6 8. c3 Bb7 9. Qb1 h6 10. Bh4 c5 11. b4 Qc7 12. Bg3 Qc8 13. Rc1 c4 14. Bc2 b5 15. a4 a6 16. axb5 axb5 17. Qb2 Bc6 18. Rxa8 Qxa8 19. Ra1 Qb7 20. Ra3 Nb6 21. Ne5 Ra8 22. Nxc6 Qxc6 23. Qa1 Rxa3 24. Qxa3 Qa8 25. Qxa8+ Nxa8 26. f3 Nb6 27. Nb1 Na4 28. Be1 Ne8 29. Na3 Nb6 30. Nxb5 Nd6 31. Nxd6 Bxd6 32. f4 Kf8 33. Kf2 Ke7 34. g4 g5 35. Kf3 f6 36. h4 Bc7 37. Bf2 Kf7 38. Bg3 gxh4 39. Bxh4 Bd8 40. Bg3 Bc7 41. Kg2 Kg7 42. Kh3 Bd6 43. Be1 Be7 44. Bd2 Bd8 45. e4 Be7 46. exd5 exd5 47. Bf5 Kf7 48. Kh4 Bf8 49. Kh5 Na4 50. Bc2 Nb6 51. f5 Nc8 52. Ba4 Nb6 53. Bd1 Nc8 54. Bf3 Nb6 55. Bxh6 Bd6 56. Kh4 Ke8 57. Bd2 Kd7 58. g5 Be7 59. g6 Bf8 60. Kh5 1-0

[Event "Balatonalmadi Pannonia Cup 10th"]
[Site "Balatonalmadi"]
[Date "2005.07.28"]
[Round "2"]
[White "Kovacs, Elod"]
[Black "Jonas, Peter"]
[Result "1/2-1/2"]
[WhiteElo "2278"]
[BlackElo "2095"]
[PlyCount "89"]
[EventDate "2005.07.27"]
[EventType "swiss"]
[EventRounds "7"]
[EventCountry "HUN"]
[SourceTitle "EXT 2008"]
[Source "ChessBase"]
[SourceDate "2007.11.25"]
[SourceVersion "1"]
[SourceVersionDate "2007.11.25"]
[SourceQuality "1"]

1. d4 Nf6 2. c4 e6 3. Nc3 d5 4. Nf3 Be7 5. Bf4 c6 6. e3 0-0 7. h3 Nbd7 8. a3 Ne4 9. Rc1 f5 10. Bd3 Ndf6 11. Ne5 Nxc3 12. Rxc3 Ne4 13. Rc2 Qa5+ 14. Ke2 Bh4 15. Rf1 Bf6 16. f3 Ng5 17. b4 Qd8 18. b5 Bxe5 19. Bxe5 Nf7 20. Bh2 Bd7 21. a4 Qe7 22. Qa1 Rfe8 23. Rfc1 Qg5 24. Kf2 Rac8 25. c5 Qh4+ 26. Bg3 Qf6 27. f4 g5 28. a5 gxf4 29. exf4 Kh8 30. Bf1 Rg8 31. a6 bxa6 32. bxc6 Bxc6 33. Rd2 Rg7 34. Qxa6 Rcg8 35. Rc3 Nd8 36. Qe2 Be8 37. Qe5 Qh6 38. Bh2 Nc6 39. Qe3 a5 40. Ra3 Qf6 41. Bg1 h5 42. Ke2 h4 43. Bf2 Bh5+ 44. Ke1 Rb7 45. Ra1 1/2-1/2

[Event "HUN-chT2 Breyer 0405"]
[Site "Hungary"]
[Date "2005.03.06"]
[Round "9"]
[White "Jonas, Peter"]
[Black "Eros, Gyorgy"]
[Result "0-1"]
[WhiteElo "2096"]
[BlackElo "2071"]
[PlyCount "72"]
[EventDate "2004.09.26"]
[EventType "team-tourn"]
[EventRounds "11"]
[EventCountry "HUN"]
[SourceTitle "EXT 2009"]
[Source "ChessBase"]
[SourceDate "2008.11.26"]
[SourceVersion "1"]
[SourceVersionDate "2008.11.26"]
[SourceQuality "1"]
[WhiteTeam "Pet"]
[BlackTeam "Vertesi Eromu"]
[WhiteTeamCountry "HUN"]
[BlackTeamCountry "HUN"]

1. d4 e6 2. c4 d5 3. Nc3 Nf6 4. Bg5 Nbd7 5. cxd5 exd5 6. e3 Be7 7. Bd3 c6 8. Nf3 0-0 9. Qc2 Re8 10. 0-0-0 b5 11. Ne5 Bb7 12. h4 h6 13. Bxf6 Bxf6 14. Nxd7 Qxd7 15. Bf5 Qe7 16. h5 a5 17. Kb1 Bc8 18. Rc1 a4 19. Ne2 b4 20. Bxc8 Rexc8 21. Qd3 Qd7 22. Nf4 Bg5 23. Nh3 Be7 24. Nf4 Bd6 25. Qd2 b3 26. Nd3 a3 27. axb3 axb2 28. Nxb2 Ra3 29. Kc2 Qb7 30. Kd1 Ra2 31. Ke2 Qb5+ 32. Kf3 Qxb3 33. Rc2 Rb8 34. Rb1 c5 35. dxc5 Be5 36. Nd3 Qxc2 0-1

[Event "HUN-chT2 Breyer 0405"]
[Site "Hungary"]
[Date "2004.09.26"]
[Round "1"]
[White "Barczi, Tibor"]
[Black "Jonas, Peter"]
[Result "0-1"]
[WhiteElo "2099"]
[BlackElo "2096"]
[PlyCount "80"]
[EventDate "2004.09.26"]
[EventType "team-tourn"]
[EventRounds "11"]
[EventCountry "HUN"]
[SourceTitle "EXT 2009"]
[Source "ChessBase"]
[SourceDate "2008.11.26"]
[SourceVersion "1"]
[SourceVersionDate "2008.11.26"]
[SourceQuality "1"]
[WhiteTeam "Zoltek"]
[BlackTeam "Pet"]
[WhiteTeamCountry "HUN"]
[BlackTeamCountry "HUN"]

1. e4 e6 2. d4 d5 3. e5 c5 4. c3 Nc6 5. Nf3 Qb6 6. Bd3 Bd7 7. dxc5 Bxc5 8. 0-0 h6 9. Qe2 a5 10. a4 Nge7 11. Kh1 0-0 12. Nh4 f6 13. exf6 Rxf6 14. f4 Raf8 15. Nf3 Nf5 16. Na3 Ne3 17. Re1 Ng4 18. Nd4 e5 19. f5 exd4 20. Qxg4 dxc3 21. bxc3 Ne7 22. Rb1 Qc6 23. Qd1 Bxf5 24. Bb2 Be4 25. c4 Rf2 26. Bxe4 dxe4 27. Nb5 e3 28. Qg4 R8f7 29. Nd4 Bxd4 30. Bxd4 Qxc4 31. Rg1 R2f4 32. Qd7 Rxd4 33. Qe8+ Kh7 34. Rxb7 Qe6 35. Qb5 e2 36. Qb1+ g6 37. Rc7 Rdf4 38. Rcc1 Qe3 39. Rce1 Nf5 40. h3 Nd4 0-1

[Event "HUN-chT2 Breyer 0304"]
[Site "Hungary"]
[Date "2004.02.08"]
[Round "7"]
[White "Barabas, Attila"]
[Black "Jonas, Peter"]
[Result "1/2-1/2"]
[WhiteElo "2117"]
[BlackElo "2118"]
[PlyCount "27"]
[EventDate "2003.09.28"]
[EventType "team-tourn"]
[EventRounds "11"]
[EventCountry "HUN"]
[SourceTitle "EXT 2009"]
[Source "ChessBase"]
[SourceDate "2008.11.26"]
[SourceVersion "1"]
[SourceVersionDate "2008.11.26"]
[SourceQuality "1"]
[WhiteTeam "Vertesi Eromu"]
[BlackTeam "Pet"]
[WhiteTeamCountry "HUN"]
[BlackTeamCountry "HUN"]

1. d4 Nf6 2. Nc3 d5 3. Bg5 Nbd7 4. Nf3 h6 5. Bh4 e6 6. e3 Be7 7. Be2 0-0 8. 0-0 a6 9. a4 b6 10. Re1 Bb7 11. Ne5 Nxe5 12. dxe5 Ne4 13. Bxe7 Qxe7 14. f3 1/2-1/2

[Event "HUN-chT2 Breyer 0203"]
[Site "Hungary"]
[Date "2003.03.02"]
[Round "8"]
[White "Jonas, Peter"]
[Black "Horkai, Andras"]
[Result "0-1"]
[WhiteElo "2136"]
[BlackElo "2144"]
[PlyCount "48"]
[EventDate "2002.09.22"]
[EventType "team-tourn"]
[EventRounds "11"]
[EventCountry "HUN"]
[SourceTitle "EXT 2009"]
[Source "ChessBase"]
[SourceDate "2008.11.26"]
[SourceVersion "1"]
[SourceVersionDate "2008.11.26"]
[SourceQuality "1"]

1. d4 Nf6 2. c4 g6 3. Nc3 d5 4. Qb3 c6 5. cxd5 cxd5 6. Bf4 a6 7. e3 Bg7 8. Bxb8 Rxb8 9. Bxa6 0-0 10. Bd3 e5 11. dxe5 Ng4 12. Qxd5 Qh4 13. g3 Qh6 14. Nf3 Be6 15. Qc5 Rbc8 16. Qb4 Nxe3 17. Ke2 Nc4 18. Rad1 Nxe5 19. Nxe5 Bxe5 20. Be4 Rc4 21. Qb5 Bxc3 22. Bd3 Rb4 23. Qc5 Rxb2+ 24. Kf1 Qg7 0-1

[Event "HUN-chT3 0001"]
[Site "Hungary"]
[Date "2000.11.26"]
[Round "3.1"]
[White "Jonas, Peter"]
[Black "Babits, Andras"]
[Result "0-1"]
[WhiteElo "2185"]
[BlackElo "2256"]
[PlyCount "82"]
[EventDate "2000.10.29"]
[EventType "team-tourn"]
[EventRounds "11"]
[EventCountry "HUN"]
[SourceTitle "EXT 2007"]
[Source "ChessBase"]
[SourceDate "2006.11.23"]
[SourceVersion "1"]
[SourceVersionDate "2006.11.23"]
[SourceQuality "1"]

1. d4 g6 2. c4 Bg7 3. Nc3 Nf6 4. e4 d6 5. h3 Nbd7 6. Nf3 e5 7. d5 0-0 8. Be3 Nc5 9. Qc2 b6 10. b4 Nb7 11. Bd3 a5 12. b5 Nh5 13. g4 Nf4 14. 0-0-0 Nc5 15. Bxc5 bxc5 16. a4 Kh8 17. Rdg1 f5 18. gxf5 Bh6 19. Kb1 gxf5 20. Nd2 Nxd3 21. Qxd3 fxe4 22. Ndxe4 Bf5 23. Kb2 Qh4 24. Qg3 Qxg3 25. fxg3 Be3 26. Rf1 Bd4 27. Kb3 Bxc3 28. Nxc3 Bd3 29. Rxf8+ Rxf8 30. Rh2 Rf3 31. g4 Rf4 32. g5 Bxc4+ 33. Kc2 Kg7 34. h4 Kg6 35. Kd2 Bb3 36. Ne2 Rxa4 37. Rf2 Bxd5 38. Rf6+ Kg7 39. Nc3 Rd4+ 40. Kc2 Bf7 41. Ne2 Rxh4 0-1

[Event "HUN-chT3 0001"]
[Site "Hungary"]
[Date "2000.10.29"]
[Round "1.2"]
[White "Jonas, Peter"]
[Black "Szeles, Karoly"]
[Result "0-1"]
[WhiteElo "2185"]
[BlackElo "2304"]
[PlyCount "52"]
[EventDate "2000.10.29"]
[EventType "team-tourn"]
[EventRounds "11"]
[EventCountry "HUN"]
[SourceTitle "EXT 2007"]
[Source "ChessBase"]
[SourceDate "2006.11.23"]
[SourceVersion "1"]
[SourceVersionDate "2006.11.23"]
[SourceQuality "1"]

1. d4 d5 2. c4 e6 3. Nc3 c5 4. e3 Nf6 5. Nf3 Nc6 6. b3 cxd4 7. Nxd4 Bb4 8. Bd2 Nxd4 9. exd4 dxc4 10. bxc4 0-0 11. Rb1 Be7 12. Ne2 b6 13. Be3 Bb7 14. f3 Rc8 15. Ng3 h5 16. Bd3 h4 17. Ne2 h3 18. 0-0 hxg2 19. Kxg2 Ng4 20. Bg1 Bd6 21. h3 Nf6 22. Be3 Nh5 23. Qd2 Bb8 24. Qe1 f5 25. Qf2 Qd6 26. Kg1 Rf6 0-1

[Event "HUN-chT2 9899"]
[Site "Hungary"]
[Date "1999.??.??"]
[Round "?"]
[White "Gyarmati, Peter"]
[Black "Jonas, Peter"]
[Result "0-1"]
[WhiteElo "2165"]
[BlackElo "2250"]
[PlyCount "58"]
[EventDate "1998.??.??"]
[EventType "team-tourn"]
[EventRounds "12"]
[EventCountry "HUN"]
[SourceTitle "EXT 2000"]
[Source "ChessBase"]
[SourceDate "1999.11.16"]
[SourceVersion "1"]
[SourceVersionDate "1999.11.16"]
[SourceQuality "1"]

1. e4 e6 2. d4 d5 3. Nc3 Bb4 4. e5 c5 5. a3 Bxc3+ 6. bxc3 Ne7 7. Qg4 Qc7 8. Qxg7 Rg8 9. Qxh7 cxd4 10. Ne2 Nbc6 11. f4 Bd7 12. Qd3 dxc3 13. Qxc3 0-0-0 14. Rb1 Nf5 15. Rg1 d4 16. Qd3 f6 17. g4 Nh4 18. exf6 e5 19. h3 Be6 20. Kf2 Bd5 21. fxe5 Qxe5 22. Bf4 Qxf6 23. g5 Qf7 24. Rg4 Ng6 25. h4 Be6 26. Bh3 Nce5 27. Qb5 Nxg4+ 28. Bxg4 Nxf4 29. Qc5+ Qc7 0-1

[Event "HUN-chT2 9899"]
[Site "Hungary"]
[Date "1999.??.??"]
[Round "?"]
[White "Jonas, Peter"]
[Black "Valis, Janos"]
[Result "0-1"]
[WhiteElo "2250"]
[BlackElo "2165"]
[PlyCount "62"]
[EventDate "1998.??.??"]
[EventType "team-tourn"]
[EventRounds "12"]
[EventCountry "HUN"]
[SourceTitle "EXT 2000"]
[Source "ChessBase"]
[SourceDate "1999.11.16"]
[SourceVersion "1"]
[SourceVersionDate "1999.11.16"]
[SourceQuality "1"]

1. d4 Nf6 2. c4 g6 3. Nc3 Bg7 4. Nf3 0-0 5. g3 d6 6. Bg2 Nc6 7. 0-0 a6 8. h3 Rb8 9. a4 Bd7 10. e4 e5 11. d5 Na5 12. b3 b6 13. Be3 Nh5 14. Rb1 f5 15. Kh2 Nb7 16. Ne1 Rf7 17. Nd3 Qe7 18. Bd2 Rbf8 19. exf5 Bxf5 20. Be4 Nf6 21. Bxf5 gxf5 22. Qe2 a5 23. Kg2 f4 24. gxf4 e4 25. Ne1 Nc5 26. Kh2 Kh8 27. Ng2 Nfd7 28. Nb5 Nd3 29. Bc3 Bxc3 30. Nxc3 N7c5 31. f3 Nxf4 0-1

[Event "HUN-chT2 9899"]
[Site "Hungary"]
[Date "1998.??.??"]
[Round "?"]
[White "Dovzik, Juri"]
[Black "Jonas, Peter"]
[Result "1-0"]
[WhiteElo "2375"]
[BlackElo "2250"]
[PlyCount "67"]
[EventDate "1998.??.??"]
[EventType "team-tourn"]
[EventRounds "12"]
[EventCountry "HUN"]
[SourceTitle "EXT 2000"]
[Source "ChessBase"]
[SourceDate "1999.11.16"]
[SourceVersion "1"]
[SourceVersionDate "1999.11.16"]
[SourceQuality "1"]

1. e4 e6 2. d4 d5 3. e5 c5 4. c3 Nc6 5. Nf3 Qb6 6. a3 cxd4 7. cxd4 Nge7 8. Nc3 Nf5 9. Na4 Qc7 10. g4 Nfe7 11. h3 Bd7 12. Bd3 Rc8 13. Kf1 Na5 14. Kg2 a6 15. Bd2 Nc4 16. Rc1 b5 17. b3 bxa4 18. bxc4 dxc4 19. Rxc4 Qb7 20. Rxc8+ Nxc8 21. Qe2 Bb5 22. Rb1 Na7 23. Qe3 Qd5 24. Be4 Qd7 25. d5 exd5 26. e6 fxe6 27. Bf5 Nc6 28. Bxe6 Qe7 29. Bb4 Nxb4 30. Rxb4 Qd6 31. Rd4 Qxa3 32. Bf7+ Kd8 33. Rxd5+ Kc8 34. Qb6 1-0

[Event "HUN-ch op"]
[Site "Pecs"]
[Date "1998.??.??"]
[Round "3"]
[White "Jonas, Peter"]
[Black "Kovacs, Tamas"]
[Result "1/2-1/2"]
[WhiteElo "2250"]
[BlackElo "2145"]
[PlyCount "80"]
[EventDate "1998.??.??"]
[EventType "swiss"]
[EventRounds "9"]
[EventCountry "HUN"]
[SourceTitle "EXT 2000"]
[Source "ChessBase"]
[SourceDate "1999.11.16"]
[SourceVersion "1"]
[SourceVersionDate "1999.11.16"]
[SourceQuality "1"]

1. d4 Nf6 2. c4 g6 3. Nc3 Bg7 4. Nf3 d6 5. g3 b6 6. Bg2 Bb7 7. Qc2 0-0 8. 0-0 Nbd7 9. h3 Rb8 10. e4 e5 11. Be3 Re8 12. Rad1 exd4 13. Nxd4 Nc5 14. f3 Ncd7 15. Rfe1 Ne5 16. b3 Nfd7 17. Kh2 a6 18. f4 Nc6 19. a3 Nxd4 20. Bxd4 Bxd4 21. Rxd4 Nf6 22. Qd2 Qe7 23. e5 Bxg2 24. Kxg2 dxe5 25. fxe5 c6 26. Rd6 Rbd8 27. Rxd8 Rxd8 28. Qg5 Re8 29. Qh6 Nd7 30. e6 fxe6 31. Qc1 Nc5 32. Qe3 Rd8 33. b4 Rd3 34. Qe5 Nd7 35. Qc7 Rxc3 36. Rd1 Qg5 37. Rxd7 Rc2+ 38. Kf3 Rc3+ 39. Kg2 Rc2+ 40. Kf3 Rc3+ 1/2-1/2

[Event "HUN-ch op"]
[Site "Pecs"]
[Date "1998.??.??"]
[Round "7"]
[White "Jonas, Peter"]
[Black "Schuetz, Peter"]
[Result "0-1"]
[WhiteElo "2250"]
[BlackElo "2040"]
[PlyCount "58"]
[EventDate "1998.??.??"]
[EventType "swiss"]
[EventRounds "9"]
[EventCountry "HUN"]
[SourceTitle "EXT 2000"]
[Source "ChessBase"]
[SourceDate "1999.11.16"]
[SourceVersion "1"]
[SourceVersionDate "1999.11.16"]
[SourceQuality "1"]

1. d4 d5 2. c4 dxc4 3. Nc3 e5 4. dxe5 Qxd1+ 5. Nxd1 Nc6 6. Nf3 Bg4 7. Ne3 Be6 8. Bd2 Bc5 9. g3 Nge7 10. Bg2 0-0 11. 0-0 Rad8 12. Nd1 Nxe5 13. Bf4 Nxf3+ 14. Bxf3 c6 15. Nc3 Ng6 16. Ne4 Be7 17. Be3 a6 18. Bb6 Rd7 19. Nc5 Bxc5 20. Bxc5 Re8 21. Rfd1 Red8 22. Rdc1 Rd2 23. Rab1 Ne5 24. Kg2 Nxf3 25. Kxf3 h5 26. Ke3 Bf5 27. Bb6 R8d7 28. Ba5 R2d5 29. Bc3 Re7+ 0-1